|
|
|
|
| LEADER |
00000nam a2200000 a 4500 |
| 001 |
vtls001376879 |
| 003 |
SK-MaSNL |
| 005 |
20260301161255.0 |
| 008 |
240226s1987 gw aba r yy ger |
| 015 |
|
|
|a SNBZSA1999-00405
|
| 020 |
|
|
|a 3885570416
|
| 035 |
|
|
|a SNK000330817
|
| 035 |
|
|
|a urn:nbn:sk:snk-amk3gi
|
| 035 |
|
|
|a urn:nbn:sk:snk-am0058ly
|
| 035 |
|
|
|a 3EBC18F2-D911-4BB8-9C17-717E3E22AE2F
|
| 040 |
|
|
|a SNK
|b slo
|a SNK
|e AACR2
|c SNK
|
| 041 |
0 |
|
|a ger
|
| 044 |
|
|
|a gw
|c DE
|
| 080 |
|
|
|a 908(4-191.2):830-3(082)=30
|2 1981
|
| 080 |
|
|
|a 830-3(082)
|2 1981
|
| 245 |
0 |
0 |
|a Literarische Reise in 70 Städte der deutschen Ost- und Siedlungsgebiete
|c Textauswahl: Ernst-Edmund Keil ; Stadtgeschichten: Reinhard Hauf ; mit Vorwort von Heinz Piontek
|
| 260 |
|
|
|a Bonn
|b Kulturstiftung der deutschen Vertriebenen
|c 1987
|
| 300 |
|
|
|a 331 s.
|b ilustr.
|c 25 cm
|
| 500 |
|
|
|a Fareb. ilustr. na obál.
|
| 500 |
|
|
|a Mp. na predsádkach
|
| 504 |
|
|
|a Bibliogr. Biogr. údaje o aut.
|
| 505 |
0 |
|
|a Obsahuje aj: Pressburg. Der steinerne Gang / Alfred Marnau
|
| 650 |
0 |
7 |
|a dejiny miest
|2 SNK
|9 164833
|
| 651 |
|
7 |
|a Nemecko
|2 SNKPH
|9 21020
|
| 655 |
|
7 |
|a nemecké prózy
|2 SNKPH
|9 70663
|
| 700 |
1 |
|
|a Keil, Ernst-Edmund
|4 com
|9 474800
|
| 700 |
1 |
|
|a Hauf, Reinhard
|4 com
|9 524055
|
| 700 |
1 |
|
|a Piontek, Heinz
|4 aft
|9 524056
|
| 700 |
1 |
2 |
|a Marnau, Alfred,
|d 1918-1999
|t Der steinerne Gang
|9 156650
|
| 919 |
|
|
|a 3-88557-041-6
|
| 954 |
|
|
|a beletria cudzojazyčná (svetová)
|2 lita
|
| 958 |
|
|
|a OND
|
| 958 |
|
|
|a ZS
|
| 958 |
|
|
|a TL
|
| 958 |
|
|
|a LX
|
| 958 |
|
|
|a ZB
|
| 958 |
|
|
|a NB
|
| 958 |
|
|
|a DE
|
| 999 |
|
|
|c 808824
|d 810754
|
| 952 |
|
|
|t P60, <03>, [BOOK], {603}
|a SNK
|b SNK
|y PREZ
|7 0
|p 17A0214747
|o snkSC 100240
|i snkV 1570/99
|0 0
|1 0
|4 0
|d 1999-11-16
|f 1
|l 0
|r 2025-09-19 00:00:00
|w 2026-02-24
|